Normal view
MARC view
- Rocket launchers (Ordnance)
Entry Topical Term
001 - CONTROL NUMBER
- control field: 42176
003 - CONTROL NUMBER IDENTIFIER
- control field: NUST
005 - DATE AND TIME OF LATEST TRANSACTION
- control field: 20210314132226.0
008 - FIXED-LENGTH DATA ELEMENTS
- fixed length control field: 210314|| aca||aabn | a|a d
040 ## - CATALOGING SOURCE
- Original cataloging agency: NUST
- Transcribing agency: NUST
150 ## - HEADING--TOPICAL TERM
- Topical term or geographic name entry element: Rocket launchers (Ordnance)
670 ## - SOURCE DATA FOUND
- Source citation: Work cat.: (NUST): Ryan, J. W. 42173, Guns, mortars & rockets /, 1982.
